000 00530nam a2200181Ia 4500
003 IN-BaIIA
008 211028s9999 xx 000 0 eng d
040 _cIIA Library
080 _a681.396
_bRAP
100 _aRapson, E. T. A.
_910587
245 0 _aProbelms in Radio Engineering
_cE. T. A. Rapson
250 _a3rd ed.
260 _aLondon
_bSir Isaac Pitman and Sons
_c1938
300 _aviii,117p.
650 _aNASA Thesaurus
650 _aRadio Engineering
_91656
942 _cBK
999 _c6118
_d6118